000 01204nam a2200229 a 4500
001 BRCA_8755
005 20190320210408.0
008 130317s1731----sp-#######---#000-0#spa-#
041 _aspa
044 _asp
084 _aBE121
_b.B45 1731
100 1 _aBelvis, Geronymo Fray
_921804
245 1 0 _aEl génesis con reflexión
_cpor el Revmo. P. Maestro Fray Geronymo Belvis Monge de la Religión de San Georonymo, Maestro en su Religión, Predicador electo por su Magestad, Difinidor y Visitador General, dos vezes Prior en el Real Convento de N. Señora de la Esperanza de Segorbe, tres vezes Prior en su Real Convento de San Miguel de los Reyes de la Ciudad de Valencia, &c.
260 _aValencia
_bEn la Imprenta de Antonio Balle
_c1731
300 _a[81], 270 p. (t.1)
_c20.3 x 15.5 cm.
500 _aCon privil.
500 _aEn portada: Dedicado a la ilustrissima Señora doña Francisca Maria de Belvis, Portugal, y Cordova, Marquesa de Benedites, y Villa Mayor; Condesa del Villar-Donpardo, &c.
500 _aEstado físico: presenta encuadernación en pergamino, con algunas hojas manchadas y cintas rotas
700 1 _aBalle, Antonio
_eImpresor
_921805
902 _aCFM
942 _2lcc
_cB
999 _c8407
_d8407